000 00486nam a2200181Ia 4500
001 15957
005 20260306170234.0
008 260306t2012||||xx |||||||||||||| ||und||
041 _aESP
082 _a620.86
_bC82T
100 _aCortés Díaz, José María
_eAUT
245 0 _aTécnicas de prevención de riesgos laborales:
_bseguridad e higiene del trabajo
260 _c2012
300 _a882 páginas :
_c24 cm.
650 _aGEN
654 _aCII
942 _cLIB
_dJUS
_fJUS
_2ddc
_n
999 _c15957
_d15957